Statistics for World Capitals closest to Pyongyang

Click here to take the quiz!

General Stats

  • This quiz has been taken 25 times
  • The average score is 15 of 20

Answer Stats

kmCapitalmiles% Correct
810Beijing503
100%
195Seoul121
100%
1287Tokyo800
100%
2759Hanoi1714
88%
1808Ulaanbaatar1124
88%
1601Taipei995
84%
3742Bangkok2325
80%
4584New Delhi2849
80%
4664Kuala Lumpur2898
76%
2748Manila1707
76%
3236Vientiane2011
76%
3932Kathmandu2443
72%
4370Astana2715
68%
3729Dhaka2317
68%
3681Phnom Penh2287
68%
3558Naypyidaw2211
60%
3574Thimphu2221
60%
3937Bandar Seri Begawan2446
48%
4261Bishkek2648
48%
3605Ngerulmud2240
40%

Score Distribution

Percentile by Number Answered

Percent of People with Each Score

Your Score History

You have not taken this quiz